000 00753nam a22002417a 4500
003 KOHA_MİRAKIL
005 20260428094311.0
008 260427b tu ||||| |||| 00| 0 tur d
020 _a9789752405264
040 _aTR-AnABB
_btur
_cTR-AnABB
041 _atur
082 _a956.102 4
_bDEM 2017
100 1 _aDemirer, Mehmet Arif
245 1 0 _aAtatürk'ü sevemeyenlerden siyah lekeler ve biz /
_cMehmet Arif Demirer
250 _a3. baskı
260 _aAnkara :
_bSonçağ Yayıncılık,
_c2017
300 _a54 sayfa ;
_c20 cm
650 0 4 _aTarih, Türkiye
650 0 4 _aBiyografi, Mustafa Kemal Atatürk
650 0 4 _aTarih, Mustafa Kemal Atatürk Dönemi
900 _bCan ÇELIK
942 _2ddc
_cBK
999 _c10346
_d10346